| 000 | 00445nam a2200133Ia 4500 | ||
|---|---|---|---|
| 008 | 170221s9999 xx 000 0 und d | ||
| 100 | _aGrant Samkin | ||
| 245 | _aIncorporating Financial Literacy into the Secondary School Accounting Curriculum: A New Zealand Perspective | ||
| 245 | _cGrant Samkin, Mary Low, and Jordan Taylor | ||
| 260 | _c2012 | ||
| 300 | _a1 : 1 | ||
| 650 | _xBusiness | ||
| 856 | _uhttp://ro.uow.edu.au/aabfj/vol6/iss4/2/ | ||
| 999 |
_c313375 _d313375 |
||